000 00336nam a2200133Ia 4500
008 230818s1998 xx 000 0 und d
041 _aeng
100 _aEurodelioes
245 _aDine with Europes Hot Appetizers( 1
260 _bKonemann Pub Bonner
_c1998
300 _a334p
520 _aReference Copy
999 _c851930
_d851930
650 _aFood Production